| 000 | 00488nam a2200157 4500 | ||
|---|---|---|---|
| 001 | 140248 | ||
| 003 | ES-MaACL | ||
| 005 | 20230906200035.0 | ||
| 007 | t| | ||
| 008 | 070214s1970 sp r ||||1| spa d | ||
| 100 | 1 |
_aSegovia Azcárate, José María. _9105154 |
|
| 245 | 1 | 0 |
_aSaltés _b: un enigma de nuestro tiempo / _cJosé María Segovia Azcárate. |
| 260 |
_aHuelva : _b[s. n.], _c1970 ( _fImp. Colón) |
||
| 300 |
_a124 p. : _bil. ; _c22 cm. |
||
| 852 |
_aES-MaACL _jC-45240 _bR.75672 |
||
| 999 |
_c140248 _d140248 |
||